000
00311nam a22001217a 4500
082
_a
629.24 CROA
100
_a
CROUSE, WILLIAM H
_9
40261
245
_a
AUTOMOTIVE CHASSIS AND BODY CONSTRUCTON OPERATION AND MAINTENANCE
250
_a
2ND
260
_a
NEWYORK
_b
MCGRAW HILL
_c
1959
300
_a
609P
942
_c
BK
999
_c
568824
_d
568824